[Event "Raipur Chhattisgarh"]
[Site "Raipur"]
[Date "2022.09.22"]
[Round "4"]
[White "Morvekar, Kedar"]
[Black "Omidi, Arya"]
[Result "0-1"]
[WhiteElo "2093"]
[BlackElo "2309"]
[PlyCount "92"]
[EventDate "2022.09.19"]
[EventType "swiss"]
[EventRounds "10"]
[EventCountry "IND"]
[SourceTitle "CBM 210 Extra"]
[Source "ChessBase"]
[SourceDate "2022.11.30"]
[SourceVersion "1"]
[SourceVersionDate "2022.11.30"]
[SourceQuality "1"]

1. e4 c5 2. Nf3 d6 3. d4 cxd4 4. Nxd4 Nf6 5. Nc3 a6 6. f3 e5 7. Nb3 Be6 8. Be3 h5 9. Qd2 Nbd7 10. Be2 Be7 11. Nd5 Nxd5 12. exd5 Bf5 13. Na5 Qc7 14. c4 Bh4+ 15. g3 Bd8 16. b4 e4 17. f4 Nf6 18. h3 Qd7 19. Bf1 Bxa5 20. bxa5 Rc8 21. Rb1 0-0 22. Rb6 Rc7 23. Qb4 Rd8 24. Rh2 Ne8 25. Qb3 Qc8 26. Rb4 Re7 27. Qd1 Nf6 28. Kf2 h4 29. Kg2 hxg3 30. Kxg3 Kh7 31. Be2 Rh8 32. Bd4 Kg8 33. Bxf6 gxf6 34. Qd4 Rh6 35. h4 Rg6+ 36. Kf2 e3+ 37. Ke1 Rg1+ 38. Bf1 Bh3 39. Qxf6 Rxf1+ 40. Ke2 Qg4+ 41. Kd3 Qf5+ 42. Qxf5 Bxf5+ 43. Ke2 Rc1 44. Rg2+ Kh7 45. Rg5 Rc2+ 46. Ke1 Bd3 0-1

[Event "IRI-ch"]
[Site "Sari"]
[Date "2022.06.23"]
[Round "12"]
[White "Omidi, Arya"]
[Black "Mousavi, Seyed Khalil"]
[Result "0-1"]
[WhiteElo "2315"]
[BlackElo "2533"]
[PlyCount "114"]
[EventDate "2022.06.15"]
[EventType "tourn"]
[EventRounds "13"]
[EventCountry "IRI"]
[EventCategory "6"]
[SourceTitle "CBM 209 Extra"]
[Source "ChessBase"]
[SourceDate "2022.09.30"]
[SourceVersion "1"]
[SourceVersionDate "2022.09.30"]
[SourceQuality "1"]

1. e4 e5 2. Nf3 Nc6 3. Bb5 a6 4. Ba4 Nge7 5. c3 g6 6. 0-0 Bg7 7. d4 exd4 8. cxd4 0-0 9. d5 Na5 10. Nbd2 b5 11. Bc2 c5 12. Re1 d6 13. Rb1 h6 14. h3 f5 15. exf5 Bxf5 16. Ne4 Nc4 17. Ng3 Bxc2 18. Qxc2 Nb6 19. Nh4 Nbxd5 20. Nxg6 Nxg6 21. Qxg6 Qf6 22. Qxf6 Rxf6 23. Nh5 Rg6 24. g4 Rf8 25. Re2 Be5 26. Kg2 c4 27. Bd2 b4 28. Rc1 c3 29. bxc3 bxc3 30. Be1 Rf5 31. Kh1 Rf3 32. Kg2 Rd3 33. Re4 Rg5 34. Ng3 Bxg3 35. fxg3 Re5 36. Rxe5 dxe5 37. Kf2 e4 38. h4 Kf7 39. Rc2 Ne3 40. Rc1 Nxg4+ 41. Ke2 Re3+ 42. Kd1 Ne5 43. Rxc3 Nd3 44. Rc7+ Ke6 45. Bc3 Rxg3 46. Rc6+ Kd5 47. Rxh6 e3 48. Kc2 Kc4 49. Rc6+ Nc5 50. Be1 Rg2+ 51. Kd1 Rxa2 52. Rc8 Kd5 53. Re8 Ne4 54. Rd8+ Ke5 55. Re8+ Kf4 56. Rf8+ Kg4 57. Rb8 Nf2+ 0-1

[Event "IRI-ch"]
[Site "Sari"]
[Date "2022.06.16"]
[Round "3"]
[White "Omidi, Arya"]
[Black "Daneshvar, Bardiya"]
[Result "1/2-1/2"]
[WhiteElo "2315"]
[BlackElo "2477"]
[PlyCount "48"]
[EventDate "2022.06.15"]
[EventType "tourn"]
[EventRounds "13"]
[EventCountry "IRI"]
[EventCategory "6"]
[SourceTitle "CBM 209 Extra"]
[Source "ChessBase"]
[SourceDate "2022.09.30"]
[SourceVersion "1"]
[SourceVersionDate "2022.09.30"]
[SourceQuality "1"]

1. e4 e5 2. Nf3 Nc6 3. d4 exd4 4. Nxd4 Nf6 5. Nxc6 bxc6 6. e5 Qe7 7. Qe2 Nd5 8. h4 d6 9. c4 Nb6 10. exd6 Qxe2+ 11. Bxe2 Bxd6 12. Nc3 0-0 13. Be3 Bb4 14. 0-0 Ba6 15. Rfc1 Bxc4 16. Bxb6 Bxe2 17. Bxc7 Bc4 18. Rd1 Rfc8 19. Bd6 Bxc3 20. bxc3 c5 21. a4 Bb3 22. Re1 Rc6 23. Bf4 a5 24. Re5 h6 1/2-1/2

[Event "IRI-ch"]
[Site "Sari"]
[Date "2022.06.15"]
[Round "1"]
[White "Omidi, Arya"]
[Black "Darini, Pouria"]
[Result "0-1"]
[WhiteElo "2315"]
[BlackElo "2436"]
[PlyCount "70"]
[EventDate "2022.06.15"]
[EventType "tourn"]
[EventRounds "13"]
[EventCountry "IRI"]
[EventCategory "6"]
[SourceTitle "CBM 209 Extra"]
[Source "ChessBase"]
[SourceDate "2022.09.30"]
[SourceVersion "1"]
[SourceVersionDate "2022.09.30"]
[SourceQuality "1"]

1. e4 c5 2. Nf3 Nc6 3. d4 cxd4 4. Nxd4 Nf6 5. Nc3 d6 6. Bg5 e6 7. Qd3 Bd7 8. Ndb5 Nb4 9. Qd1 Qb8 10. Bf4 e5 11. Bg5 a6 12. Bxf6 gxf6 13. Na3 b5 14. Nab1 Bg7 15. a3 Nc6 16. Nd5 f5 17. exf5 Bxf5 18. Ne3 Be6 19. Bd3 d5 20. Bf5 e4 21. Bxe6 fxe6 22. Qh5+ Ke7 23. c3 Qe5 24. Qh3 Qf4 25. Nd2 Ne5 26. 0-0 Qh6 27. Qg3 Rhg8 28. h3 Raf8 29. a4 Nd7 30. h4 Be5 31. Qh3 Rf4 32. h5 Qg5 33. g3 Rh4 34. Qg2 Bxg3 35. fxg3 Qxe3+ 0-1